O que é o Amor? (Registo nº 75446)

Detalhes MARC
000 -Etiqueta do registo
campo de controlo de comprimento fixo 00670 2200241 4500
001 - Identificador do registo
Campo de controlo 75446
005 - Identificador da versão
Campo de controlo 20260205114048.0
010 ## - ISBN
Número (ISBN) 978-989-724-670-8
021 ## - Nº depósito legal
Código do país Portugal
Número 511876/23
100 ## - Dados Gerais de Proc.
Dados gerais de processamento 20260205d2023 d||y0pory50 ba
101 ## - Língua da publicação
Língua do documento no original Português
102 ## - País de Publicação
País de publicação Portugal
200 ## - Título
Título próprio O que é o Amor?
Primeira menção de responsabilidade José Jorge Letria
Outras menções de responsabilidade ilust. Catarina França
205 ## - Menção da edição
Menção da edição 4ª ed.
210 ## - Publicação, Distribuição
Lugar da edição, distribuição, etc. Lisboa
Nome do editor, distribuidor, etc. Clube do Autor
Data da publicação, distribuição, etc. 2023
215 ## - Descrição física
Descrição física [36] p.
Outras indicações físicas il.
225 ## - Colecção
Título próprio da colecção José Jorge Letria
606 ## - Nome comum
Elemento de entrada Literatura infantojuvenil
675 ## - CDU
Notação 821.134.3-
Edição BN
Língua da edição Português
700 #1 - Responsabilidade principal
Palavra de ordem Letria
Outra parte do nome José Jorge
Datas 1951-
Código de função Autor
702 ## - Responsabilidade secundária
Palavra de ordem França
Outra parte do nome Catarina
Código de função Ilustrador
Koha Internal Code 20571
090 ## - Números de controlo do sistema (Koha)
Número biblioitem do Koha (gerado automaticamente) 75446
942 ## - Elementos de entrada adicionados (Koha)
Tipo de item no Koha Monografias
Suprimido Disponível no OPAC
Exemplares
Removido (estado) Perdido (estado) Data de aquisição Origem do registo (biblioteca) (codificado) Código da organização que empresta ou é detentora (biblioteca) Código de barras Número de inventário Cota Tipo de circulação (não pode ser emprestado) Tipo de item e material
Disponível Disponível 2026-02-05 Biblioteca EB23 D. Paio Peres Correia Biblioteca EB23 D. Paio Peres Correia BEDPPC10601 10601 82-1 LET Normal Monografias